[Event "Transcontinental Printanier ABCDEF"]
[Site "Montreal"]
[Date "2017.04.02"]
[Round "4"]
[White "Poulin, Roxane"]
[Black "Tesar, Mathias"]
[Result "0-1"]
[WhiteElo "1274"]
[BlackElo "1419"]
[PlyCount "118"]
[EventDate "2017.03.31"]
[EventType "swiss"]
[EventRounds "5"]
[EventCountry "CAN"]
[SourceTitle "EXT 2022"]
[Source "ChessBase"]
[SourceDate "2021.10.06"]
[SourceVersion "1"]
[SourceVersionDate "2021.10.06"]
[SourceQuality "1"]

1. d4 d5 2. c4 e6 3. Nf3 Nf6 4. Nc3 Be7 5. g3 b6 6. Bg2 Bb7 7. 0-0 0-0 8. Ne5 Nbd7 9. Qb3 c5 10. e3 dxc4 11. Qxc4 Bxg2 12. Kxg2 Nxe5 13. dxe5 Nd5 14. Rd1 Qc7 15. Nxd5 exd5 16. Rxd5 Rad8 17. e6 Qb7 18. exf7+ Rxf7 19. e4 Rxd5 20. exd5 Bd6 21. Be3 Qe7 22. a4 Qf6 23. Qe4 Qxb2 24. Rf1 Qf6 25. Qe8+ Rf8 26. Qe6+ Qxe6 27. dxe6 Re8 28. Rb1 Rxe6 29. a5 bxa5 30. Rb5 a4 31. Ra5 Re7 32. Bxc5 Bxc5 33. Rxc5 Kf7 34. Ra5 Ke6 35. Rxa4 Kd5 36. f3 Kc5 37. Kh3 Rd7 38. f4 Kb5 39. Re4 a5 40. Kg4 a4 41. Re1 a3 42. Rb1+ Ka4 43. Rb8 Ra7 44. Rb1 a2 45. Ra1 Ka3 46. h4 Kb2 47. Rxa2+ Kxa2 48. Kg5 Ra6 49. f5 Rf6 50. g4 Kb3 51. Kf4 Kc4 52. Ke5 Kc5 53. g5 Rf8 54. h5 Re8+ 55. Kf4 Kd5 56. f6 Re4+ 57. Kf5 Re5+ 58. Kf4 gxf6 59. gxf6 Ke6 0-1

[Event "Montreal Pere Noel U1500"]
[Site "Montreal"]
[Date "2016.12.29"]
[Round "4.51"]
[White "Poulin, Roxane"]
[Black "Clozel, Claire Marie"]
[Result "1-0"]
[WhiteElo "1143"]
[BlackElo "1022"]
[PlyCount "49"]
[EventDate "2016.12.26"]
[EventType "swiss"]
[EventRounds "5"]
[EventCountry "CAN"]
[SourceTitle "EXT 2022"]
[Source "ChessBase"]
[SourceDate "2021.10.06"]
[SourceVersion "1"]
[SourceVersionDate "2021.10.06"]
[SourceQuality "1"]

1. d4 d5 2. c4 Nf6 3. Nc3 e6 4. cxd5 exd5 5. Bg5 Be7 6. Qc2 h6 7. Bxf6 Bxf6 8. e3 0-0 9. Bd3 Nc6 10. Nge2 Nb4 11. Qb1 Qd7 12. Bb5 Qg4 13. 0-0 Bf5 14. Qd1 Nc2 15. Rc1 Nb4 16. f3 Qg6 17. Nf4 Qg5 18. Re1 Rae8 19. Qd2 c6 20. Ba4 b5 21. Bb3 Bh3 22. Nxh3 c5 23. Nxg5 Bxg5 24. a3 Nc6 25. Bxd5 1-0

[Event "Montreal Pere Noel U1500"]
[Site "Montreal"]
[Date "2016.12.26"]
[Round "1.42"]
[White "Fournier, Martin"]
[Black "Poulin, Roxane"]
[Result "1-0"]
[WhiteElo "1410"]
[BlackElo "1143"]
[PlyCount "53"]
[EventDate "2016.12.26"]
[EventType "swiss"]
[EventRounds "5"]
[EventCountry "CAN"]
[SourceTitle "EXT 2022"]
[Source "ChessBase"]
[SourceDate "2021.10.06"]
[SourceVersion "1"]
[SourceVersionDate "2021.10.06"]
[SourceQuality "1"]

1. e4 e5 2. Nf3 Nc6 3. d4 d6 4. d5 Nce7 5. c4 h6 6. h3 Ng6 7. Nc3 Be7 8. Be3 f5 9. exf5 Bxf5 10. Bd3 Qd7 11. Nb5 e4 12. Nfd4 exd3 13. Nxf5 Bf6 14. Qxd3 Ne5 15. Qe4 Ne7 16. Nxe7 Qxe7 17. f4 Nxc4 18. Nxc7+ Kd7 19. Ne6 Nxe3 20. Qxe3 b6 21. Rc1 Rhc8 22. b3 Rxc1+ 23. Qxc1 Rc8 24. Qa3 Ke8 25. 0-0 Rc2 26. Rc1 Bb2 27. Qa4+ 1-0